[Event "Modra Slovakia op"]
[Site "Modra"]
[Date "2024.03.02"]
[Round "3"]
[White "Shirinyan, Daniel"]
[Black "Visvader, Kristof"]
[Result "1-0"]
[WhiteElo "2177"]
[BlackElo "1696"]
[PlyCount "81"]
[EventDate "2024.03.01"]
[EventType "swiss"]
[EventRounds "9"]
[EventCountry "SVK"]
[SourceTitle "CB11_2024"]
[SourceDate "2024.03.13"]
[SourceVersion "1"]
[SourceVersionDate "2024.03.13"]
[SourceQuality "1"]

1. d4 d5 2. c4 c6 3. Nc3 Nf6 4. Bg5 e6 5. cxd5 exd5 6. Qc2 Bd6 7. e3 0-0 8. Bd3 h6 9. Bh4 Nbd7 10. Nge2 Qc7 11. h3 Re8 12. Bg3 a5 13. Nb5 cxb5 14. Qxc7 Bxc7 15. Bxc7 b4 16. Rc1 b6 17. 0-0 Ba6 18. Bxa6 Rxa6 19. Rc6 Rc8 20. Rfc1 Ne8 21. Nf4 Nef6 22. f3 Re8 23. Kf2 g5 24. Nd3 Re6 25. Rxe6 fxe6 26. Rc6 Kf7 27. Nc5 Ra8 28. Bxb6 Nxc5 29. Bxc5 Nd7 30. Bd6 Ra7 31. Ke2 Rb7 32. Rc7 Rxc7 33. Bxc7 a4 34. b3 axb3 35. axb3 Kf6 36. g4 e5 37. Bxe5+ Nxe5 38. dxe5+ Kxe5 39. Kd3 Ke6 40. Kd4 Kd6 41. e4 1-0

[Event "Piestany op-A"]
[Site "Piestany"]
[Date "2023.07.15"]
[Round "5"]
[White "Shirinyan, Daniel"]
[Black "Vaibhav, Jayant Raut"]
[Result "1-0"]
[WhiteElo "2055"]
[BlackElo "2218"]
[PlyCount "79"]
[EventDate "2023.07.11"]
[EventType "swiss"]
[EventRounds "9"]
[EventCountry "SVK"]
[SourceTitle "EXT 2024"]
[Source "ChessBase"]
[SourceDate "2023.10.10"]
[SourceVersion "1"]
[SourceVersionDate "2023.10.10"]
[SourceQuality "1"]

1. e4 c5 2. Nf3 e6 3. c3 Nf6 4. e5 Nd5 5. g3 Nc6 6. Bg2 Be7 7. 0-0 0-0 8. Re1 b6 9. d4 cxd4 10. Nxd4 Nxd4 11. Qxd4 Rb8 12. a3 Bc5 13. Qd3 b5 14. Bxd5 exd5 15. Be3 d6 16. Nd2 Bxe3 17. Rxe3 dxe5 18. Rxe5 Qf6 19. Qd4 Be6 20. Rae1 a5 21. Nb3 b4 22. axb4 axb4 23. cxb4 Bh3 24. Qc3 Qb6 25. Nd4 Qxb4 26. Nc6 Qxb2 27. Qd3 Rb6 28. Rh5 h6 29. Ne7+ Kh8 30. Rxh3 Qb4 31. Qd1 Rd6 32. Rh4 Qa5 33. Rd4 Qa7 34. Nf5 Rf6 35. Ne3 Rb8 36. Rxd5 Rb2 37. Rd2 Rb7 38. Rd8+ Kh7 39. Qd3+ g6 40. Qd4 1-0

[Event "Skalica op-A"]
[Site "Skalica"]
[Date "2022.08.22"]
[Round "3"]
[White "Stevik, Patrik1111"]
[Black "Shirinyan, Daniel"]
[Result "1-0"]
[WhiteElo "2142"]
[BlackElo "1899"]
[PlyCount "64"]
[EventDate "2022.08.20"]
[EventType "swiss"]
[EventRounds "9"]
[EventCountry "SVK"]
[SourceTitle "CBM 209 Extra"]
[Source "ChessBase"]
[SourceDate "2022.09.30"]
[SourceVersion "1"]
[SourceVersionDate "2022.09.30"]
[SourceQuality "1"]

1. d4 Nf6 2. Nf3 g6 3. g3 Bg7 4. Bg2 0-0 5. 0-0 d6 6. b3 a5 7. Bb2 c6 8. c4 Nbd7 9. Qc2 Qc7 10. Rd1 Re8 11. e3 Rb8 12. Nbd2 b6 13. Rac1 Bb7 14. Qb1 Rbd8 15. a3 Qb8 16. b4 axb4 17. axb4 c5 18. d5 e6 19. bxc5 bxc5 20. e4 exd5 21. cxd5 Ba6 22. Qa1 Be2 23. Re1 Qb5 24. Rxe2 Ra8 25. Qb1 Rab8 26. Nc4 Nxd5 27. Qd3 Nb4 28. Qd1 Bxb2 29. Rxb2 Qa6 30. Qxd6 Qxd6 31. Nxd6 Re6 32. Rd2 Rd8 1-0